Liverpool : 11 du XXème siècle - Statistiques

Statistiques générales
  • Ce quiz a été pris 46 fois
  • Le résultat moyen est 3 sur 12
Statistiques - réponses
Postes Pays Années de passage Joueurs % Correct
Attaquant Pays de Galles 1980-1987/1988-1996 Ian Rush
89%
Attaquant Ecosse 1977-1990 Kenny Dalglish
77%
Attaquant Angleterre 1971-1977 Kevin Keegan
37%
Milieu de terrain Ecosse 1978-1984 Graeme Souness
26%
Gardien Angleterre 1967-1981 Ray Clemence
26%
Défenseur Central Ecosse 1977-1991 Alan Hansen
20%
Entraîneur Ecosse 1959-1974 Bill Shankly
17%
Milieu de terrain Anglais 1959-1978 Ian Callaghan
11%
Défenseur Droit Angleterre 1974-1985 Phil Neal
11%
Défenseur Central Angleterre 1963-1978 Tommy Smith
6%
Défenseur Gauche Angleterre 1967-1979 Emlyn Hugues
3%
Attaquant Irlande 1970-1981 Steve Heighway
3%
Aucun quiz correspondant
Distribution des résultats
% des personnes avec chaque résultat
Percentile par nombre de réponses
Votre historique - résultats
Vous n’avez pas pris ce quiz